| 000 | 02286nam a2200385 c 4500 | ||
|---|---|---|---|
| 003 | BLK | ||
| 005 | 20230211164340.0 | ||
| 008 | 180408b bul|||||r ||||||| ||bul|| | ||
| 010 | _aKNG00058087000 | ||
| 020 |
_a954-320-035-1 _bиздат.: Рива |
||
| 040 | _aBLK | ||
| 041 |
_aBUL _cBUL |
||
| 080 |
_aПаметници на културата на историческите периоди. Археологическите паметници. Старини _b904 _x(4) _z904(4) |
||
| 080 |
_aРазпространяване на научните знания - популяризиране на науката, занимателна наука, учение за явленията научно необяснени, заблуждения и фалшификации, илюзии и др. п., секретност на научните знания _b001.9 _x _z001.9 |
||
| 080 |
_aПроблеми на окултното. Теории и системи на езотеричните дисциплини, които изясняват и интерпретират феномените и проблемите на окултното. Вж и 159.961; 291.3 _b133 _x _z133 |
||
| 100 | 1 |
_aЧентини, Масимо _eпърви автор _9141272 |
|
| 700 | 1 |
_aТрендафилова, Емилия Василева _eпрев. от итал. _9368980 |
|
| 139 |
_aЧентини, Масимо _bЧ 62 |
||
| 245 | 1 | 0 |
_aТайнствени, магически, свещени и легендарни места на Европа _cМасимо Чентини; прев. от итал. Емилия Василева Трендафилова. |
| 257 | _aITA | ||
| 260 |
_аСофия _bРива _c2005 _fВ. Търново : Абагар |
||
| 300 |
_a244 с. _bс ил. _c20 см |
||
| 380 | _a2 | ||
| 500 | _aОриг. загл. Guida Insolita al luoghi misteriosi, magici, sacri e leggendari d'Europa / Massimo Centini | ||
| 650 | 4 |
_aЕвропа - старини _9285428 |
|
| 650 | 4 |
_aОкултизъм _9164936 |
|
| 653 | _aмистика | ||
| 653 | _aизвънземни цивилизации | ||
| 653 | _aЕвропа | ||
| 852 | _aЦб 226315 | ||
| 856 | 4 |
_qpdf _u |
|
| 856 | 4 |
_qpdf _u |
|
| 942 |
_cKNG _n0 _04 |
||
| 944 |
_aCR _c03.02.2006 _kГеновева_Генчева |
||
| 944 |
_aED _c10.01.2007 _k |
||
| 999 |
_c54143 _d54143 |
||